• 首页
  • 本馆介绍
  • 公告通知
  • 最新文献
  • 馆藏检索
  • 电子资源
  • 读者导购
  • 参考咨询
  • 我的图书馆
  • 登录
  • 详细信息显示
  • 放入我的书架
  • 预约/预借图书
  • 作者相关作品
  • 分类相关作品
  • 丛书相关作品
  • 出版社相关作品

书目信息

  • 表格格式
  • 工作单格式
  • 卡片格式
题名:
固本求新
    
 
作者: 孟庆枢, 著
分册:  
出版信息: 北京   中央编译出版社  2014.07
页数: 380页
开本: 23cm
丛书名: 比较文学与世界文学名家讲堂
单 册:
中图分类: I206 , I313.06
科图分类:
主题词: 比较文学--bi jiao wen xue--文学研究--中国--日本
电子资源:
ISBN: 978-7-5117-2241-6
000 01160nam 2200265 450
001 2373394925
005 20231125202327.69
010    @a978-7-5117-2241-6@dCNY68.00
100    @a20140915d2014 em y0chiy50 ea
101 0  @achi
102    @aCN@b110000
105    @aa z 000yy
200 1  @a固本求新@Agu ben qiu xin@e孟庆枢教授讲中国比较文学的新视野@f孟庆枢著
210    @a北京@c中央编译出版社@d2014.07
215    @a380页@c彩图@d23cm
225 2  @a比较文学与世界文学名家讲堂@Abi jiao wen xue yu shi jie wen xue ming jia jiang tang
330    @a《固本求新》是《比较文学与世界文学名家讲堂》20卷丛书之一。作者本着“和而不同”的原则, 提出中国比较文学应以日本为参照系, 作者认为, 日本同处东亚, 是汉文字圈国度之一, 她与西方文化交流的是非曲直, 足资借鉴, 是不可或缺的参照系。
410  0 @12001 @a比较文学与世界文学名家讲堂
517 1  @a孟庆枢教授讲中国比较文学的新视野@Ameng qing shu jiao shou jiang zhong guo bi jiao wen xue de xin shi ye
606 0  @a比较文学@Abi jiao wen xue@x文学研究@y中国@y日本
690    @aI206@v5
690    @aI313.06@v5
701  0 @a孟庆枢,@Ameng qing shu@f1943-@4著
801  0 @aCN@b人天书店@c20140915
905    @aBZT@dI206@e14
    
    固本求新:孟庆枢教授讲中国比较文学的新视野/孟庆枢著.-北京:中央编译出版社,2014.07
    380页:彩图;23cm.-(比较文学与世界文学名家讲堂)
    
    
    ISBN 978-7-5117-2241-6:CNY68.00
    《固本求新》是《比较文学与世界文学名家讲堂》20卷丛书之一。作者本着“和而不同”的原则, 提出中国比较文学应以日本为参照系, 作者认为, 日本同处东亚, 是汉文字圈国度之一, 她与西方文化交流的是非曲直, 足资借鉴, 是不可或缺的参照系。
●
相关链接 在五车中查询图书 在当当中查询图书 在豆瓣中查询图书


正题名:固本求新     索取号:I206/14         预约/预借

序号 登录号 条形码 馆藏地/架位号 状态 备注
1 2001095562   2001095562   东辅楼二楼书库/ [索取号:I206/14] 在馆    
2 2001095563   2001095563   东辅楼二楼书库/ [索取号:I206/14] 在馆    
3 2001095564   2001095564   东辅楼二楼书库/ [索取号:I206/14] 在馆    
4 2001095565   2001095565   东辅楼二楼书库/ [索取号:I206/14] 在馆    
5 2001095566   2001095566   东辅楼二楼书库/ [索取号:I206/14] 在馆    
6 2001095567   2001095567   东辅楼二楼书库/ [索取号:I206/14] 在馆    
7 2001095568   2001095568   东辅楼二楼书库/ [索取号:I206/14] 在馆    
8 2001095569   2001095569   东辅楼二楼书库/ [索取号:I206/14] 在馆    
9 2001095570   2001095570   东辅楼二楼书库/ [索取号:I206/14] 在馆    
10 2001095571   2001095571   东辅楼二楼书库/ [索取号:I206/14] 在馆    
11 2001095572   2001095572   东辅楼二楼书库/ [索取号:I206/14] 在馆    
12 2001095573   2001095573   东辅楼二楼书库/ [索取号:I206/14] 在馆    
13 2001095574   2001095574   东辅楼二楼书库/ [索取号:I206/14] 在馆    
14 2001095575   2001095575   东辅楼二楼书库/ [索取号:I206/14] 在馆    
15 2001095576   2001095576   东辅楼二楼书库/ [索取号:I206/14] 在馆    
16 2001095577   2001095577   东辅楼二楼书库/ [索取号:I206/14] 在馆    
17 2001095578   2001095578   东辅楼二楼书库/ [索取号:I206/14] 在馆    
18 2001095579   2001095579   东辅楼二楼书库/ [索取号:I206/14] 在馆    
19 2001095580   2001095580   东辅楼二楼书库/ [索取号:I206/14] 在馆    
20 2001095581   2001095581   东辅楼二楼书库/ [索取号:I206/14] 在馆    
21 2001095582   2001095582   东辅楼二楼书库/ [索取号:I206/14] 在馆    
22 2001095583   2001095583   东辅楼二楼书库/ [索取号:I206/14] 在馆    
23 2001095584   2001095584   东辅楼二楼书库/ [索取号:I206/14] 在馆    
24 2001095585   2001095585   东辅楼二楼书库/ [索取号:I206/14] 在馆    
25 2001095586   2001095586   东辅楼二楼书库/ [索取号:I206/14] 在馆    
26 2001095587   2001095587   东辅楼二楼书库/ [索取号:I206/14] 在馆    
27 2001095588   2001095588   东辅楼二楼书库/ [索取号:I206/14] 在馆    
28 2001095589   2001095589   东辅楼二楼书库/ [索取号:I206/14] 在馆    
29 2001095590   2001095590   东辅楼二楼书库/ [索取号:I206/14] 在馆    
30 2001095591   2001095591   东辅楼二楼书库/ [索取号:I206/14] 在馆    
山东省滨州职业学院图书馆 欢迎您!
大连网信软件有限公司© 版权所有